Statistics for Top 250 Restaurant Chains in the United States

Click here to take the quiz!

General Stats

  • This quiz has been taken 234 times
  • The average score is 42 of 250

Answer Stats

RankType of FoodRestaurant Name% Correct
1BurgerMcDonald's
98%
2CoffeeStarbucks
98%
3SubsSubway
96%
4MexicanTaco Bell
95%
6BurgerBurger King
92%
14ChickenKFC
90%
11PizzaPizza Hut
86%
9PizzaDomino's
85%
7BurgerWendy's
82%
8CoffeeDunkin'
77%
10Breads and SoupsPanera Bread
67%
16ItalianOlive Garden
66%
25ChickenPopeyes Louisiana Kitchen
66%
20Frozen DessertsDairy Queen
64%
21AsianPanda Express
64%
12MexicanChipotle Mexican Grill
61%
27PizzaPapa John's
60%
17SandwichArby's
58%
19WingsBuffalo Wild Wings
54%
18PizzaLittle Caesars
54%
39BurgerFive Guys
53%
24BreakfastIHOP
51%
32SeafoodRed Lobster
51%
42BurgerCarl's Jr.
50%
35BurgerHardee's
50%
29SteakOutback
49%
28BreakfastDenny's
48%
15VariedApplebee's
47%
71Frozen DessertsBaskin-Robbins
44%
22VariedChili's Grill & Bar
43%
23BurgerJack in the Box
42%
26SteakTexas Roadhouse
42%
13BurgerSonic Drive-In
41%
48SandwichesJersey Mike's Subs
40%
31BurgerWhataburger
40%
5ChickenChic-Fil-A
38%
33SandwichJimmy John's Gourmet Sandwiches
38%
93SpecialtyLong John Silver's
38%
45ChickenWing Stop
37%
63ChickenChurch's Chicken
36%
229SandwichQuiznos
36%
80BurgerWhite Castle
35%
30Family StyleCracker Barrel
34%
60SandwichFirehouse Subs
34%
41VariedRed Robin
34%
155PizzaSbarro
34%
34VariedThe Cheesecake Factory
33%
61CoffeeTim Hortons
33%
56MexicanDel Taco
32%
57SpecialtyKrispy Kreme
32%
52AsianP.F. Chang
32%
90BurgerShake Shack
32%
37SteakLongHorn Steakhouse
31%
43BreakfastWaffle House
31%
36ChickenZaxby's
30%
44ChickenBojangles'
29%
64MexicanMoe's Southwest Grill
29%
47VariedTGI Fridays
29%
40BurgerCulver's
28%
53ChickenEl Pollo Loco
27%
38VariedGolden Corral
27%
51BurgerIn-N-Out Burger
25%
67VariedRuby Tuesday
25%
50BurgerSteak & Shake
25%
78ChickenBoston Market
24%
86SpecialtyJamba Juice
24%
58Sports BarHooters
23%
54Family StyleBob Evans
22%
110Frozen DessertsCold Stone Creamery
22%
147FamilyFriendly's
22%
77SpecialtyAuntie Anne's
20%
74SeafoodBonefish Grill
19%
118PizzaCicis
18%
81Sports BarDave & Busters
18%
46ChickenRaising Cane's Chicken Fingers
18%
97SpecialtySmoothie King
18%
106PizzaChuck E. Cheese's
16%
180FamilyShoney's
16%
139Family StyleBig Boy/Frisch's Big Boy
14%
178SpecialtyCinnabon
14%
186SeafoodJoe's Crab Shack
14%
73PizzaMarco's Pizza
14%
82AsianNoodles & Co.
14%
112MexicanTaco John's
14%
88SpecialtyTropical Smoothie Cafe
14%
70ItalianCalifornia Pizza Kitchen
13%
177BurgerFuddruckers
13%
191FamilyOld Country Buffet/Hometown Buffet
13%
158SpecialtyFazoli's
12%
169VariedHard Rock Cafe
12%
141FamilySizzler
12%
136Coffee CafeCaribou Coffee
11%
66SandwichJason's Deli
11%
174VariedJohnny Rockets
11%
87BurgerFreddy's Frozen Custard & Steakburgers
10%
83SteakLogan's Roadhouse
10%
68SandwichMcAlister's Deli
10%
105PizzaMOD Pizza
10%
89VariedO'Charley's
10%
108ChickenPollo Tropical
10%
107SandwichPortillo's
10%
160ItalianRomano's Macaroni Grill
10%
62SteakRuth's Chris Steak House
10%
122Sports BarTwin Peaks
10%
123Bakery CafeAu Bon Pain
9%
131AsianBenihana
9%
133BurgerSmashburger
9%
75VariedYard House
9%
132SteakFogo de Chao
8%
184VariedHoulihans
8%
116PizzaJet's Pizza
8%
95PizzaRound Table Pizza
8%
140AsianSarku Japan
8%
168Sports BarBeef 'O' Brady's
7%
65VariedCheddar's Scratch Kitchen
7%
100Family StyleFirst Watch
7%
163BurgerA&W All-American Food
6%
127VariedBar Louie
6%
181SeafoodBubba Gump Shrimp Co.
6%
179ItalianBuca di Beppo
6%
235BurgerBurgerFi
6%
69ItalianCarrabba's Italian Grill
6%
104MexicanChuy's
6%
115Family StyleFamous Dave's
6%
153PizzaGodfather's Pizza
6%
150FamilyHuddle House
6%
101PizzaHungry Howie's Pizza
6%
171FamilyLuby's
6%
59PizzaPapa Murphy's Pizza
6%
211SpecialtySweetgreen
6%
121Family StyleVillage Inn
6%
164SandwichWhich Wich
6%
111SandwichZoes Kitchen
6%
125PizzaBlaze Pizza
5%
214BakeryBruegger's Bagels
5%
207FamilyEat'n Park
5%
96ItalianMellow Mushroom
5%
98Sports BarMiller's Ale House
5%
145PizzaPizza Ranch
5%
92SteakThe Capital Grille
5%
219ItalianThe Old Spaghetti Factory
5%
202FamilyThe Original Pancake House
5%
198SpecialyWetzel's Pretzels
5%
134Family StyleBlack Bear Diner
4%
99ItalianMaggiano's Little Italy
4%
55MexicanQdoba Mexican Eats
4%
222VariedRainforest Cafe
4%
172FamilySonny's BBQ
4%
201MexicanTaco Bueno
4%
144SandwichWienerschnitzel
4%
233ItalianBertucci's
3%
49VariedBJ's Restaurant & Brewhouse
3%
165MexicanFuzzy's Taco Shop
3%
218ItalianGiordano's
3%
220VariedGrand Lux Cafe
3%
151SeafoodLegal Sea Foods
3%
246FamilyMetro Diner
3%
138Coffee CafePeet's Coffee & Tea
3%
72Family StylePerkins Restaurant & Bakery
3%
91SandwichPotbelly Sandwich Shop
3%
152BakeryPret a Manger
3%
157MexicanRubio's
3%
146VariedSeasons 52
3%
241ChickenSlim Chickens
3%
193VariedThe Melting Pot
3%
227MexicanTijuana Flats
3%
213ItalianAnthony's Coal Fired Pizza
2%
154VariedBahama Breeze Island Grille
2%
231Coffee CafeBiggby Coffee
2%
239ItalianBravo! Cucina Italiana
2%
162ItalianBrio Tuscan Grille
2%
156MexicanCafe Rio Mexican Grill
2%
79SpecialtyCaptain D's Seafood Kitchen
2%
76BurgerCheckers Drive-In Restaurants
2%
176VariedClaim Jumper
2%
182SteakDel Frisco's Double Eagle Steak House
2%
102SpecialtyDickey's Barbecue Pit
2%
189PizzaDonatos Pizza
2%
237SeafoodEddie V's Prime Seafood
2%
84Bakery CafeEinstein Bro. Bagels
2%
215BurgerFarmer Boys
2%
188VariedFirebirds Wood Fired Grill
2%
195ChickenGolden Chick
2%
238SpecialtyGreat American Cookies
2%
199BakeryGreat Harvest Bread Co.
2%
217Sports BarHurricane Grill & Wings
2%
196VariedIslands Fine Burgers & Drinks
2%
205BurgerJack's
2%
185VariedJ. Alexander's
2%
109BurgerKrystal Company
2%
197BakeryLa Madeleine Country French Cafe
2%
190VariedLazy Dog Restaurant & Bar
2%
236ChickenLee's Famous Recipe Chicken
2%
194Bakery CafeLe Pain Quotidien
2%
212Frozen DessertsMenchie's Frozen Yogurt
2%
183VariedMimi's Cafe
2%
204PizzaMountain Mike's Pizza
2%
161SandwichNewk's Eatery
2%
143VariedOld Chicago Pizza & Taproom
2%
120MexicanOn The Border Mexican Grill & Cantina
2%
223ChickenPDQ
2%
128AsianPei Wei Asian Dinner
2%
175SandwichPenn Station East Coast Subs
2%
216VariedRoosters
2%
119SteakSaltgrass Steak House
2%
230Family StyleShari's Cafe and Pies
2%
200Sports BarSmokey Bones Bar & Fire Grill
2%
244SteakSTK
2%
94BurgerThe Habit Burger Grill
2%
203VariedTrue Food Kitchen
2%
166MexicanUncle Julio's
2%
243AsianWaBa Grill
2%
221BurgerWayback Burgers
2%
234Frozen DessertsYogurtland
2%
245Varied54th Street Restaurant & Drafthouse
1%
240MexicanBaja Fresh Mexican Grill
1%
142FamilyBill Miller Bar-B-Q
1%
228SteakBlack Angus Steakhouse
1%
148Frozen DessertsBraum's Ice Cream & Dairy Stores
1%
126MexicanCabana
1%
103SandwichCharleys Philly Steaks
1%
137VariedCooper's Hawk Winery & Restaurants
1%
114Bakery CafeCorner Bakery Cafe
1%
249MexicanCosta Vida Fresh Mexican Grill
1%
226Sports BarDuffy's Sports Grill
1%
85Coffee CafeDutch Bro. Coffee
1%
130SteakFleming's Prime Steakhouse & Wine Bar
1%
247MexicanFreebirds World Burrito
1%
209AsianKona Grill
1%
250SpecialtyL&L Hawaiian Barbecue
1%
210ItalianLaRosa's Pizzeria
1%
206FamilyLucille's Smokehouse Bar-B-Que
1%
159SteakMastro's Restaurants
1%
187SeafoodMcCormick & Schmick's
1%
149SteakMorton's The Steakhouse
1%
129VariedNinety Nine Restaurants
1%
113SeafoodPappadeaux Seafood Kitchen
1%
192MexicanPappasito's Cantina
1%
224PizzaPizza Pro
1%
225ChickenPollo Campero
1%
135BurgerRally's Hamburgers
1%
232PizzaRosati's Pizza
1%
117SandwichSchlotzsky's
1%
170FamilySouplantation & Sweet Tomatoes
1%
124SteakTexas de Brazil Churrascaria
1%
242Sports BarThe Brass Tap
1%
208CoffeeThe Coffee Bean & Tea Leaf
1%
248SandwichTogo's Sandwiches
1%
167MexicanTorchy's Tacos
1%
173ItalianUno Pizzeria & Grill
1%

Score Distribution

Percentile by Number Answered

Percent of People with Each Score

Your Score History

You have not taken this quiz